[Event "14. Bayer Open"]
[Site "Leverkusen"]
[Date "2016.04.04"]
[Round "7.28"]
[White "Becker, Johann"]
[Black "Kamphausen, Johannes-Dieter"]
[Result "1/2-1/2"]
[WhiteElo "1506"]
[BlackElo "1729"]
[PlyCount "59"]
[EventDate "2016.??.??"]
[WhiteTeam "TV Witzhelden"]
[BlackTeam "SV Springer Hitdorf"]

1. e4 c5 2. Nf3 d6 3. d4 cxd4 4. Nxd4 Nf6 5. Nc3 g6 6. f3 Bg7 7. Be3 O-O 8. Qd2
Nc6 9. Bc4 Bd7 10. Nb3 Rc8 11. O-O Ne5 12. Be2 a6 13. Rfd1 Nc4 14. Bxc4 Rxc4
15. Bh6 Bxh6 16. Qxh6 Qc7 17. Qe3 Be6 18. Rd4 Qb6 19. Rad1 Rfc8 20. Kf2 Qc7 21.
Rxc4 Bxc4 22. Qd4 b5 23. Nd2 Be6 24. Nf1 Qc5 25. Qxc5 Rxc5 26. a3 a5 27. Ne3 b4
28. axb4 axb4 29. Ncd5 Bxd5 30. exd5 1/2-1/2

[Event "14. Bayer Open"]
[Site "Leverkusen"]
[Date "2016.04.04"]
[Round "7.29"]
[White "Pyrowicz, Jacek"]
[Black "Rist, Kurt"]
[Result "1-0"]
[WhiteElo "1827"]
[BlackElo "1450"]
[PlyCount "89"]
[EventDate "2016.??.??"]
[WhiteTeam "SV Wermelskirchen"]
[BlackTeam "SG Solingen"]

1. d4 f5 2. Bg5 Nf6 3. Bxf6 exf6 4. e3 d5 5. Bd3 g6 6. Ne2 Be6 7. Nf4 Bf7 8. c4
Bb4+ 9. Nc3 c6 10. Qb3 Qe7 11. cxd5 g5 12. Ne6 Bxc3+ 13. bxc3 cxd5 14. Ng7+ Kf8
15. Nxf5 Qc7 16. O-O Be6 17. Qb4+ Kg8 18. Rfc1 Nc6 19. Qc5 Rd8 20. c4 Qc8 21.
Qxc6 Bxf5 22. Qxc8 Bxc8 23. cxd5 Kg7 24. Rc7+ Kh6 25. Rac1 f5 26. g3 Kg6 27. g4
Kf6 28. gxf5 Bxf5 29. e4 Bd7 30. e5+ Ke7 31. e6 Kd6 32. exd7 Rxd7 33. Rxd7+
Kxd7 34. Bf5+ Kd6 35. Be6 h5 36. h3 g4 37. hxg4 hxg4 38. Rc8 Rh7 39. Rd8+ Kc7
40. Rg8 Rh4 41. Rxg4 Rh6 42. f4 b5 43. Rg7+ Kb6 44. f5 a5 45. d6 1-0

[Event "14. Bayer Open"]
[Site "Leverkusen"]
[Date "2016.04.04"]
[Round "7.31"]
[White "Hertling, Jürgen"]
[Black "Esser, Heinz"]
[Result "0-1"]
[WhiteElo "1645"]
[BlackElo "1360"]
[PlyCount "78"]
[EventDate "2016.??.??"]
[WhiteTeam "SF Köln-Mülheim"]
[BlackTeam "SV Dormagen"]

1. d4 Nf6 2. c4 g6 3. Nc3 Bg7 4. e4 d6 5. Nf3 Nbd7 6. Be2 O-O 7. O-O e5 8. h3
c5 9. d5 Nb6 10. Be3 Nh5 11. Nd2 Nf4 12. Bxf4 exf4 13. Bd3 Nd7 14. Nf3 Ne5 15.
Nxe5 Bxe5 16. Qd2 Qh4 17. f3 g5 18. Qe1 Qh5 19. Kf2 Bd4+ 20. Ke2 a6 21. Kd2 Re8
22. Rh1 Bd7 23. g4 Qh6 24. h4 Qg7 25. hxg5 Be5 26. Rh5 b5 27. cxb5 axb5 28.
Nxb5 Bxb5 29. Bxb5 Reb8 30. a4 Bxb2 31. e5 Bxe5 32. Rc1 Rxb5 33. axb5 Bc3+ 34.
Rxc3 Ra2+ 35. Rc2 Qd4+ 36. Ke2 Rxc2+ 37. Kf1 Qd3+ 38. Kg1 Re2 39. Qa1 Qe3+ 0-1

[Event "14. Bayer Open"]
[Site "Leverkusen"]
[Date "2016.04.04"]
[Round "7.32"]
[White "Stenzel, Michael"]
[Black "Kronseder, Michael"]
[Result "0-1"]
[WhiteElo "1550"]
[BlackElo "1685"]
[PlyCount "50"]
[EventDate "2016.??.??"]
[WhiteTeam "TV Witzhelden"]
[BlackTeam "SV Hürth-Berrenrath"]

1. b4 e5 2. Bb2 Bxb4 3. Bxe5 Nf6 4. c4 Nc6 5. Bb2 O-O 6. e3 d5 7. cxd5 Qxd5 8.
Nf3 Ne4 9. Be2 Rd8 10. O-O Nxd2 11. Nfxd2 Bxd2 12. Bf3 Qd7 13. Bxc6 bxc6 14.
Qa4 c5 15. Qxd7 Rxd7 16. Nxd2 Rxd2 17. Rfd1 Rxd1+ 18. Rxd1 Be6 19. Ba3 c4 20.
Bb4 a5 21. Bxa5 f6 22. Bxc7 Rxa2 23. Kf1 c3 24. f3 Bc4+ 25. Kg1 Rd2 0-1

[Event "14. Bayer Open"]
[Site "Leverkusen"]
[Date "2016.04.04"]
[Round "7.33"]
[White "Baier, Uwe"]
[Black "Pfister, Jürgen"]
[Result "1-0"]
[WhiteElo "1686"]
[BlackElo "1240"]
[PlyCount "141"]
[EventDate "2016.??.??"]
[WhiteTeam "SF Schlebusch"]
[BlackTeam "SF Düsseldorf-Süd"]

1. e4 c5 2. Nc3 Nc6 3. f4 e6 4. Nf3 a6 5. Be2 Nge7 6. O-O b5 7. d3 Bb7 8. Qe1
Ng6 9. Qf2 Be7 10. f5 exf5 11. exf5 Nge5 12. Nd5 f6 13. Qg3 O-O 14. Bf4 Bd6 15.
Kh1 Ne7 16. Nxe7+ Qxe7 17. Rae1 Qf7 18. b3 Rfe8 19. Nxe5 Bxe5 20. Bf3 Bxf3 21.
Qxf3 d6 22. Bxe5 dxe5 23. Re4 Rad8 24. Rfe1 Rd4 25. g4 Qd5 26. Qg2 h6 27. h4
Rxe4 28. dxe4 Qd7 29. g5 hxg5 30. hxg5 fxg5 31. Qxg5 Qe7 32. Qg4 Rd8 33. Re3
Qf6 34. Rh3 Rd2 35. Qh5 Kf8 36. Rg3 Qh6 37. Qxh6 gxh6 38. Rg2 Rd4 39. Re2 b4
40. Kg2 Kf7 41. Kf3 Rd6 42. Ke3 a5 43. c3 Ke7 44. cxb4 axb4 45. Rc2 Rc6 46. Kf3
h5 47. Kg3 Kf6 48. Kh4 Rc7 49. Kxh5 Rc8 50. Kg4 Rc7 51. Kf3 Ke7 52. Ke3 Kd6 53.
Kd3 Rg7 54. Rh2 Rg3+ 55. Kc4 Rg4 56. Rh6+ Kc7 57. Kd5 Rg2 58. Rh7+ Kb6 59. Ke6
Rxa2 60. f6 c4 61. bxc4 b3 62. Rh1 Kc5 63. f7 Rf2 64. Ke7 Kxc4 65. f8=Q Rxf8
66. Kxf8 Kd4 67. Re1 b2 68. Ke7 b1=Q 69. Rxb1 Kxe4 70. Ke6 Kd4 71. Rd1+ 1-0

[Event "14. Bayer Open"]
[Site "Leverkusen"]
[Date "2016.04.04"]
[Round "7.34"]
[White "Haverkamp, Klaus"]
[Black "Milz, Ulrich"]
[Result "1-0"]
[WhiteElo "1927"]
[BlackElo "1474"]
[PlyCount "25"]
[EventDate "2016.??.??"]
[WhiteTeam "SV Herzogenrath"]
[BlackTeam "SC Bayer Leverkusen"]

1. e4 b6 2. d4 e6 3. Nf3 h6 4. Bd3 Nc6 5. O-O Bb7 6. a3 a6 7. c4 Nge7 8. d5 Na7
9. Nc3 Ng6 10. e5 Nh4 11. Be4 Nxf3+ 12. Qxf3 Be7 13. dxe6 1-0

[Event "14. Bayer Open"]
[Site "Leverkusen"]
[Date "2016.04.04"]
[Round "7.36"]
[White "Lechner, Alexander"]
[Black "Scharff, Klaus"]
[Result "0-1"]
[WhiteElo "1791"]
[BlackElo "1863"]
[PlyCount "90"]
[EventDate "2016.??.??"]
[WhiteTeam "Düsseldorfer SK"]
[BlackTeam "SV Opladen"]

1. d4 e6 2. c4 d6 3. g3 f5 4. Nf3 Nf6 5. Bg2 Be7 6. O-O O-O 7. Nc3 h6 8. Re1 c6
9. e4 Nbd7 10. exf5 exf5 11. Qe2 Rf7 12. Nh4 Nf8 13. d5 c5 14. f4 Ng4 15. Nf3
Ng6 16. h4 Bd7 17. Bd2 a6 18. a4 Qf8 19. Qd3 Re8 20. Re6 Bxe6 21. dxe6 Rf6 22.
Re1 Bd8 23. h5 Ne7 24. Qxd6 Nc6 25. Qd5 Qe7 26. Nh4 Nb4 27. Qxb7 Qxb7 28. Bxb7
Rfxe6 29. Rxe6 Rxe6 30. Nd5 Re2 31. Bxb4 cxb4 32. Nxf5 Rxb2 33. Bxa6 b3 34. Nd4
Rb1+ 35. Kg2 b2 36. Nc3 Rc1 37. Nde2 b1=Q 38. Nxb1 Rxb1 39. Kf3 Nf6 40. Nd4 Bb6
41. Nc6 Rb3+ 42. Kg2 Ne4 43. c5 Rxg3+ 44. Kh2 Bxc5 45. Bc4+ Kf8 0-1

[Event "14. Bayer Open"]
[Site "Leverkusen"]
[Date "2016.04.04"]
[Round "7.38"]
[White "Seelig, Jochen"]
[Black "Witte, Volker"]
[Result "0-1"]
[WhiteElo "1312"]
[BlackElo "1685"]
[PlyCount "92"]
[EventDate "2016.??.??"]
[WhiteTeam "SF Schlebusch"]
[BlackTeam "SF Schlebusch"]

1. Nf3 Nf6 2. b3 d6 3. e3 e5 4. d4 e4 5. Nfd2 d5 6. c4 c6 7. Nc3 Be7 8. Bb2 O-O
9. c5 a5 10. Na4 Nbd7 11. Be2 b5 12. Nc3 Re8 13. a4 b4 14. Na2 Nf8 15. h3 Ng6
16. g3 Bd7 17. Bf1 Qc8 18. Qe2 Be6 19. O-O-O Nd7 20. Kb1 Ndf8 21. Bg2 Qc7 22.
Qf1 Bc8 23. Qg1 Ba6 24. Bf1 Bb7 25. h4 Bc8 26. Bh3 Ne6 27. Rc1 Bd7 28. Rc2 Qc8
29. Qg2 Nh8 30. Nc1 Bf6 31. Ne2 Qd8 32. Bxe6 Bxe6 33. Nf4 Bg4 34. Qh2 h5 35.
Rf1 Qd7 36. Bc1 Ng6 37. Nxg6 fxg6 38. f3 exf3 39. Nxf3 Bf5 40. Ka2 Bxc2 41.
Qxc2 Qg4 42. Qh2 Re7 43. Ng1 Rae8 44. Nh3 Bxd4 45. Rf4 Qd1 46. Rxd4 Qxc1 0-1

[Event "14. Bayer Open"]
[Site "Leverkusen"]
[Date "2016.04.04"]
[Round "7.39"]
[White "Bießner, Eberhard"]
[Black "Hartmann, Stephan"]
[Result "1-0"]
[WhiteElo "1719"]
[BlackElo "1608"]
[PlyCount "23"]
[EventDate "2016.??.??"]
[WhiteTeam "Rheydter SV"]
[BlackTeam "SG Idstein"]

1. e4 c5 2. Nf3 Nc6 3. d4 cxd4 4. Nxd4 g6 5. c3 Bg7 6. Be3 d5 7. Bb5 dxe4 8.
Nxc6 Qxd1+ 9. Kxd1 Bd7 10. Nxa7 Rd8 11. Bxd7+ Rxd7+ 12. Ke2 1-0

[Event "14. Bayer Open"]
[Site "Leverkusen"]
[Date "2016.04.04"]
[Round "7.40"]
[White "Multhauf, Stefan"]
[Black "Liebsch, Felix"]
[Result "1/2-1/2"]
[WhiteElo "1610"]
[BlackElo "1758"]
[PlyCount "95"]
[EventDate "2016.??.??"]
[WhiteTeam "Königsspringer Leverkusen"]
[BlackTeam "SC Bayer Leverkusen"]

1. d4 e6 2. Nc3 f5 3. e4 fxe4 4. Nxe4 Nf6 5. Bg5 Be7 6. Nxf6+ Bxf6 7. Bxf6 Qxf6
8. c3 b6 9. Qf3 O-O 10. Qxf6 Rxf6 11. Be2 Nc6 12. Nf3 Bb7 13. O-O d6 14. Bc4
Na5 15. Be2 Re8 16. b4 Nc6 17. Bc4 Ne7 18. Ng5 Nd5 19. Rfe1 h6 20. Ne4 Rf4 21.
Bxd5 Bxd5 22. Nd2 Kf8 23. g3 Rf5 24. c4 Bb7 25. Re3 a5 26. b5 g5 27. Rae1 Bc8
28. d5 e5 29. Kg2 Kg7 30. Rf3 Ref8 31. Rxf5 Bxf5 32. h3 Bd3 33. Re3 e4 34. f3
exf3+ 35. Rxf3 Bf5 36. g4 Bg6 37. Re3 Re8 38. Rxe8 Bxe8 39. Kf3 Bg6 40. Ke3 Kf6
41. Kd4 h5 42. Ne4+ Bxe4 43. Kxe4 Kg6 44. gxh5+ Kxh5 45. Kf5 Kh4 46. a4 Kh5 47.
Kf6 Kh4 48. Kf5 1/2-1/2

[Event "14. Bayer Open"]
[Site "Leverkusen"]
[Date "2016.04.04"]
[Round "7.41"]
[White "Weirich, Ralf"]
[Black "van Kempen, Heinz"]
[Result "1/2-1/2"]
[WhiteElo "1229"]
[BlackElo "1629"]
[PlyCount "101"]
[EventDate "2016.??.??"]
[WhiteTeam "TV Witzhelden"]
[BlackTeam "SV Opladen"]

1. e4 c5 2. Nf3 Nc6 3. Bb5 g6 4. Nc3 Bg7 5. O-O d6 6. h3 Bd7 7. a3 e6 8. Bxc6
Bxc6 9. d4 Ne7 10. d5 exd5 11. exd5 Bd7 12. Bg5 O-O 13. Re1 f6 14. Bf4 Be8 15.
Qe2 Nc8 16. Rab1 Bf7 17. Qb5 b6 18. Qc6 Rb8 19. Nb5 Be8 20. Qc7 Qxc7 21. Nxc7
Bf7 22. Ne6 Re8 23. c4 Rb7 24. b4 cxb4 25. axb4 Rbe7 26. Nxg7 Kxg7 27. Rxe7
Rxe7 28. Re1 Rxe1+ 29. Nxe1 g5 30. Bh2 Bg6 31. Nf3 Bd3 32. Nd2 f5 33. f4 h6 34.
fxg5 hxg5 35. g4 f4 36. Kf2 Kf6 37. Kf3 Ne7 38. Ne4+ Bxe4+ 39. Kxe4 Ng6 40. Bg1
Ne5 41. c5 bxc5 42. bxc5 dxc5 43. Bxc5 Nc4 44. Bxa7 Nd6+ 45. Kf3 Ke5 46. Bb8
Kxd5 47. Bxd6 Kxd6 48. h4 gxh4 49. Kxf4 Ke6 50. g5 h3 51. Kg3 1/2-1/2

[Event "14. Bayer Open"]
[Site "Leverkusen"]
[Date "2016.04.04"]
[Round "7.42"]
[White "Kaspar, Uwe"]
[Black "van Kempen, Susanne"]
[Result "1-0"]
[WhiteElo "1849"]
[BlackElo "1463"]
[PlyCount "43"]
[EventDate "2016.??.??"]
[WhiteTeam "Düsseldorfer SK"]
[BlackTeam "SV Opladen"]

1. e4 e5 2. Nf3 Nc6 3. d4 exd4 4. Bc4 Bb4+ 5. c3 dxc3 6. O-O h6 7. a3 Ba5 8. b4
Bb6 9. Nxc3 Nge7 10. Bb2 O-O 11. Re1 d6 12. b5 Nb8 13. e5 Ng6 14. Qc2 Nxe5 15.
Nxe5 dxe5 16. Rad1 Qh4 17. Nd5 Bxf2+ 18. Qxf2 Qxc4 19. Ne7+ Kh7 20. Nxc8 Rxc8
21. Qf5+ g6 22. Qxc8 1-0

[Event "14. Bayer Open"]
[Site "Leverkusen"]
[Date "2016.04.04"]
[Round "7.44"]
[White "Gülden, Ralf"]
[Black "Meyer zu Kniendorf, Jochen"]
[Result "1/2-1/2"]
[WhiteElo "1564"]
[BlackElo "1483"]
[PlyCount "55"]
[EventDate "2016.??.??"]
[WhiteTeam "Königsspringer Leverkusen"]
[BlackTeam "Düsseldorfer SK"]

1. d4 g6 2. c4 Bg7 3. Nf3 d6 4. e4 e5 5. dxe5 dxe5 6. Qxd8+ Kxd8 7. Nc3 f6 8.
Be3 Be6 9. Rd1+ Nd7 10. Be2 Kc8 11. O-O Nh6 12. h3 Nf7 13. a3 a5 14. Nd5 b6 15.
Rc1 Bh6 16. Bxh6 Nxh6 17. b4 axb4 18. axb4 c6 19. Nc3 Nf7 20. b5 Nd8 21. Ra1
Rxa1 22. Rxa1 Kb7 23. Nd2 Nc5 24. bxc6+ Nxc6 25. Nd5 Nd4 26. Bd1 f5 27. Nf3 Nd7
28. Kf1 1/2-1/2

[Event "14. Bayer Open"]
[Site "Leverkusen"]
[Date "2016.04.04"]
[Round "7.45"]
[White "Dörper, Georg"]
[Black "Ipekyilmaz, Tayfun"]
[Result "0-1"]
[WhiteElo "1340"]
[BlackElo "1600"]
[PlyCount "84"]
[EventDate "2016.??.??"]
[WhiteTeam "SF Düsseldorf-Süd"]
[BlackTeam "Langenfelder SF"]

1. d4 Nf6 2. Nf3 g6 3. c4 Bg7 4. Nc3 d5 5. cxd5 Nxd5 6. e4 Nxc3 7. bxc3 c5 8.
Be2 Nc6 9. O-O O-O 10. Bb2 Bg4 11. e5 Qc7 12. Qa4 a6 13. h3 b5 14. Qd1 Bf5 15.
Bd3 Bxd3 16. Qxd3 c4 17. Qe4 e6 18. Ba3 Rfe8 19. Bd6 Qd7 20. Rad1 Ne7 21. Bxe7
Qxe7 22. Nh2 Red8 23. Ng4 Rac8 24. Qf4 h5 25. Nf6+ Bxf6 26. exf6 Qf8 27. d5
exd5 28. Rfe1 Rd7 29. Re5 Rcd8 30. Rde1 Kh7 31. Qh4 Qh6 32. g4 hxg4 33. Qxg4
Rd6 34. Qf3 Qh4 35. Qg4 Qxg4+ 36. hxg4 Rxf6 37. Kg2 d4 38. cxd4 Rxd4 39. Re8
Rxg4+ 40. Kh3 Rgf4 41. Kg3 Rf3+ 42. Kg4 R6f4+ 0-1

[Event "14. Bayer Open"]
[Site "Leverkusen"]
[Date "2016.04.04"]
[Round "7.47"]
[White "Kayser, Manfred"]
[Black "Mentzel, Markus"]
[Result "0-1"]
[WhiteElo "1501"]
[BlackElo "1838"]
[PlyCount "66"]
[EventDate "2016.??.??"]
[WhiteTeam "Königsspringer Leverkusen"]
[BlackTeam "SG Solingen"]

1. d4 d5 2. c4 c6 3. cxd5 cxd5 4. Nc3 Nf6 5. e3 a6 6. Nf3 Nc6 7. Be2 Bf5 8. a3
e6 9. O-O Bd6 10. g3 b5 11. b4 O-O 12. Bb2 Nd7 13. Nh4 Bh3 14. Ng2 Nb6 15. f4
f5 16. Rf2 Bxg2 17. Rxg2 Nc4 18. Bc1 Qf6 19. Bf3 Ne7 20. h3 Rac8 21. Qe1 Kh8
22. Raa2 Ng6 23. Nxd5 exd5 24. Bxd5 Rc7 25. Rac2 Rfc8 26. Bxc4 Rxc4 27. Rxc4
Rxc4 28. Bb2 Qe6 29. Qd2 Qe4 30. Kh2 Ne7 31. g4 Nd5 32. gxf5 Nxe3 33. Re2 Nf1+
0-1

[Event "14. Bayer Open"]
[Site "Leverkusen"]
[Date "2016.04.04"]
[Round "7.48"]
[White "Longerich, Hans-Peter"]
[Black "Domnick, Michael"]
[Result "1/2-1/2"]
[WhiteElo "1458"]
[BlackElo "1800"]
[PlyCount "46"]
[EventDate "2016.??.??"]
[WhiteTeam "SC Bayer Leverkusen"]
[BlackTeam "TV Witzhelden"]

1. e4 d5 2. exd5 Qxd5 3. Nc3 Qa5 4. d4 Nf6 5. Nf3 Bg4 6. h3 Bf5 7. Bd3 e6 8.
Bxf5 Qxf5 9. Bd2 c5 10. g4 Nxg4 11. hxg4 Qxg4 12. Be3 cxd4 13. Rg1 Qh3 14. Nxd4
e5 15. Nf3 Nc6 16. Qe2 O-O-O 17. Rd1 Bb4 18. a3 Bxc3+ 19. bxc3 g6 20. Rxd8+
Rxd8 21. Ng5 Qh2 22. Nf3 Qh3 23. Ng5 Qh2 1/2-1/2

[Event "14. Bayer Open"]
[Site "Leverkusen"]
[Date "2016.04.04"]
[Round "7.49"]
[White "Roder, Stephan"]
[Black "Hoffmann, Michael"]
[Result "0-1"]
[WhiteElo "1360"]
[BlackElo "1698"]
[PlyCount "70"]
[EventDate "2016.??.??"]
[WhiteTeam "Bergische SF"]
[BlackTeam "SG Neuss"]

1. d4 d5 2. g3 Nf6 3. Bg2 Bf5 4. Nf3 Nbd7 5. Nc3 e6 6. O-O h6 7. e3 Be7 8. Bd2
c5 9. dxc5 Nxc5 10. Nd4 Bh7 11. Rc1 O-O 12. Qe2 a6 13. Nb3 Rc8 14. Rfd1 Nce4
15. Nxe4 Nxe4 16. Bxe4 Bxe4 17. Bc3 Bf6 18. Bd4 Qe7 19. c3 e5 20. Bb6 Qe6 21.
Bc5 Rfd8 22. f3 Bf5 23. e4 dxe4 24. Rxd8+ Rxd8 25. fxe4 Bg4 26. Qf2 Rd3 27. Be3
Be7 28. Nc5 Bxc5 29. Bxc5 Qxa2 30. Ba3 Qe6 31. Qc5 Rd2 32. Rf1 Bh3 33. Qf8+ Kh7
34. Rxf7 Rd1+ 35. Kf2 Rf1+ 0-1

[Event "14. Bayer Open"]
[Site "Leverkusen"]
[Date "2016.04.04"]
[Round "7.50"]
[White "Kopernok, Ingo"]
[Black "Kinnert, Reinhard"]
[Result "0-1"]
[WhiteElo "1341"]
[BlackElo "1495"]
[PlyCount "71"]
[EventDate "2016.??.??"]
[WhiteTeam "SG Solingen"]
[BlackTeam "TV Witzhelden"]

1. d4 Nf6 2. Nf3 c5 3. e3 e6 4. Be2 Nc6 5. O-O cxd4 6. Nxd4 a6 7. c3 Qc7 8. Nd2
b5 9. Bf3 Bb7 10. Nxc6 dxc6 11. Ne4 Nxe4 12. Bxe4 Bd6 13. g3 O-O-O 14. Qf3 f5
15. Bc2 h5 16. e4 c5 17. Bf4 e5 18. Bg5 Rdf8 19. Qe2 f4 20. gxf4 exf4 21. f3
Qf7 22. h4 Be7 23. Bxe7 Qxe7 24. Qh2 Rh6 25. Rf2 Rff6 26. Re1 Qe6 27. e5 Rf7
28. b3 Bd5 29. Kg2 Qg4+ 30. Kf1 Bxf3 31. Be4 Bxe4 32. Rxe4 Qd1+ 33. Re1 Qd3+
34. Kg1 Rg6+ 35. Kh1 Qxc3 36. Rxf4 0-1

[Event "14. Bayer Open"]
[Site "Leverkusen"]
[Date "2016.04.04"]
[Round "7.51"]
[White "Klees, Robert"]
[Black "Diaubalick, Ulrich"]
[Result "1/2-1/2"]
[WhiteElo "1349"]
[BlackElo "1537"]
[PlyCount "31"]
[EventDate "2016.??.??"]
[WhiteTeam "SF Düsseldorf-Süd"]
[BlackTeam "SF Düsseldorf-Süd"]

1. e4 c5 2. d4 cxd4 3. c3 dxc3 4. Nxc3 e6 5. Nf3 Ne7 6. Bc4 Ng6 7. O-O Be7 8.
Be3 O-O 9. Rc1 a6 10. Qe2 Nc6 11. Rfd1 Qa5 12. Bd2 Qh5 13. Be3 b5 14. Bd3 Bb7
15. Qf1 Rfd8 16. Be2 1/2-1/2

[Event "14. Bayer Open"]
[Site "Leverkusen"]
[Date "2016.04.04"]
[Round "7.52"]
[White "Balduan, Karl-Heinz"]
[Black "Haag, Helmut"]
[Result "1-0"]
[WhiteElo "1496"]
[BlackElo "1394"]
[PlyCount "77"]
[EventDate "2016.??.??"]
[WhiteTeam "Königsspringer Leverkusen"]
[BlackTeam "Langenfelder SF"]

1. d4 d5 2. Nf3 e6 3. e3 Nf6 4. c3 Be7 5. Bd3 h6 6. O-O O-O 7. Ne5 Nbd7 8. Nd2
c5 9. f4 cxd4 10. exd4 Re8 11. Qf3 Nf8 12. Qh3 a6 13. Rf3 N6h7 14. Qh5 f6 15.
Qf7+ Kh8 16. Ng6+ Nxg6 17. Qxg6 f5 18. Rg3 Bf6 19. Re3 Re7 20. Nf3 Qe8 21. Qg3
Nf8 22. b3 Rc7 23. Bb2 Qc6 24. Rc1 Qd6 25. Nd2 b5 26. Ra1 Bd7 27. Nb1 a5 28.
Nd2 Qb6 29. Qf3 b4 30. Nc4 Qa7 31. Nd6 bxc3 32. Ba3 Bxd4 33. Bc1 Bxe3+ 34. Bxe3
d4 35. Bf2 Bc6 36. Qe2 Qc5 37. Nc4 Bd5 38. Rc1 a4 39. Rxc3 {
Schwarz überschritt die Zeit.} 1-0

[Event "14. Bayer Open"]
[Site "Leverkusen"]
[Date "2016.04.04"]
[Round "7.53"]
[White "Ipekyilmaz, Mert"]
[Black "Paul, André David"]
[Result "1/2-1/2"]
[WhiteElo "1427"]
[BlackElo "1492"]
[PlyCount "79"]
[EventDate "2016.??.??"]
[WhiteTeam "Langenfelder SF"]
[BlackTeam "Kölner SK Dr. Lasker"]

1. e4 e6 2. d4 d5 3. exd5 exd5 4. Bd3 Nf6 5. Bf4 Bd6 6. Ne2 Bxf4 7. Nxf4 O-O 8.
O-O Qd6 9. Qf3 Bg4 10. Qg3 g5 11. Ne2 Qxg3 12. Nxg3 Nc6 13. c3 Rfe8 14. Nd2 Nh5
15. Nxh5 Bxh5 16. Rfe1 Kg7 17. Kf1 h6 18. Rxe8 Rxe8 19. Re1 Rxe1+ 20. Kxe1 Kf6
21. f3 Ne7 22. Nf1 Bg6 23. Kd2 Ke6 24. Ne3 f5 25. h3 h5 26. g3 f4 27. gxf4 Bxd3
28. Kxd3 gxf4 29. Ng2 Kf5 30. a4 Ng6 31. b4 Kg5 32. Ke2 Nh4 33. Kf2 Nxg2 34.
Kxg2 Kh4 35. Kh2 a6 36. Kg2 b5 37. a5 c6 38. Kh2 Kg5 39. Kg2 Kh4 40. Kh2
1/2-1/2

[Event "14. Bayer Open"]
[Site "Leverkusen"]
[Date "2016.04.04"]
[Round "7.55"]
[White "Holz, Peter"]
[Black "Lehmann, Thomas"]
[Result "1-0"]
[WhiteElo "1306"]
[BlackElo "1331"]
[PlyCount "99"]
[EventDate "2016.??.??"]
[WhiteTeam "Pulheimer SC"]
[BlackTeam "SV Sindorf"]

1. e4 e6 2. Nf3 d5 3. exd5 exd5 4. Nc3 Nf6 5. Bb5+ c6 6. Ba4 Bg4 7. h3 Bh5 8.
g4 Bg6 9. Ne2 Na6 10. d3 Nc5 11. Bb3 Nxb3 12. axb3 Bd6 13. Be3 b6 14. Ned4 Qc7
15. Nf5 Bxf5 16. gxf5 Bf4 17. Qd2 Nh5 18. Rg1 O-O 19. Rg4 Bxe3 20. fxe3 Qd7 21.
Nh4 Rfe8 22. e4 dxe4 23. dxe4 Qxd2+ 24. Kxd2 Rad8+ 25. Kc3 Re7 26. Rag1 Kh8 27.
Nf3 g6 28. fxg6 fxg6 29. Nd4 Rc8 30. Re1 Nf6 31. Rf4 Nd5+ 32. exd5 Rxe1 33.
dxc6 Re3+ 34. Kc4 a6 35. Rf3 Rxf3 36. Nxf3 Rxc6+ 37. Kd3 Rc5 38. b4 Rh5 39. h4
Kg7 40. Ke4 Kf6 41. c4 h6 42. Kf4 g5+ 43. Kg4 Rxh4+ 44. Nxh4 gxh4 45. b3 Ke5
46. Kxh4 Kd4 47. Kh5 Kc3 48. c5 Kxb4 49. c6 Kxb3 50. c7 1-0

[Event "14. Bayer Open"]
[Site "Leverkusen"]
[Date "2016.04.04"]
[Round "7.56"]
[White "Barche, Uwe"]
[Black "Jacobi, Bernd"]
[Result "0-1"]
[WhiteElo "1274"]
[BlackElo "1465"]
[PlyCount "98"]
[EventDate "2016.??.??"]
[WhiteTeam "SG Solingen"]
[BlackTeam "Langenfelder SF"]

1. c4 c6 2. Nf3 d5 3. g3 Nf6 4. Bg2 e6 5. O-O Bd6 6. d3 O-O 7. a3 Qc7 8. Nc3
Rd8 9. Qc2 d4 10. Nd1 h6 11. c5 Be5 12. b4 b6 13. Nb2 b5 14. a4 Bb7 15. Nxe5
Qxe5 16. axb5 Nd5 17. Qd2 cxb5 18. Re1 Nc6 19. Bxd5 Qxd5 20. f3 Qb3 21. Nd1 Ne5
22. Nf2 Bxf3 23. Qf4 Qd5 24. Ne4 Bh5 25. h3 Bg6 26. Qh4 Bxe4 27. dxe4 Qd7 28.
Bf4 Nc6 29. Bd2 e5 30. Rf1 Qe6 31. Rf3 Rd7 32. Raf1 Rf8 33. g4 Qg6 34. Kh2 Qxe4
35. Bxh6 gxh6 36. Qxh6 Qh7 37. Qg5+ Qg7 38. Qh5 f6 39. Rf5 Rdf7 40. Qh4 Ne7 41.
Rh5 Ng6 42. Qg3 Nf4 43. Rf5 Nxe2 44. Qf3 Nf4 45. Qc6 Qh7 46. Rf3 d3 47. Rxd3
Nxd3 48. Rh5 Qg6 49. Qxb5 Qe4 0-1

[Event "14. Bayer Open"]
[Site "Leverkusen"]
[Date "2016.04.04"]
[Round "7.58"]
[White "Johann, Hans Werner"]
[Black "Teuber, Alfons"]
[Result "1/2-1/2"]
[WhiteElo "1339"]
[BlackElo "1037"]
[PlyCount "104"]
[EventDate "2016.??.??"]
[WhiteTeam "TV Witzhelden"]
[BlackTeam "BSW Opladen"]

1. d4 d5 2. e3 Nf6 3. Nf3 Ne4 4. Nbd2 Bf5 5. Nxe4 dxe4 6. Nd2 c6 7. b4 e6 8. a3
b5 9. f3 Bg6 10. Nxe4 a5 11. bxa5 Bxe4 12. fxe4 Qh4+ 13. Ke2 Qxe4 14. Qd3 Qg4+
15. Kd2 Rxa5 16. Qe2 Qe4 17. Qf3 Qxf3 18. gxf3 b4 19. a4 Be7 20. Bb2 O-O 21.
Bd3 Bf6 22. c3 Na6 23. Bxa6 bxc3+ 24. Bxc3 Rxa6 25. Rhb1 Bd8 26. Kd3 Bc7 27. h3
Rd8 28. Ke2 Rda8 29. Rb7 Ba5 30. Bxa5 Rxa5 31. Rb4 g6 32. Kd3 c5 33. dxc5 Rxc5
34. Rc4 Rd5+ 35. Rd4 Rh5 36. h4 Kg7 37. Ke2 Ra7 38. Kf2 e5 39. Re4 Ra5 40. Rb4
g5 41. Rb5 Rxb5 42. axb5 Rxh4 43. Rb1 Rc4 44. b6 Rc2+ 45. Kg3 Rc8 46. Kg4 Kg6
47. e4 h5+ 48. Kg3 Rb8 49. b7 f6 50. Rb6 Kf7 51. Kh3 Kg6 52. Kg3 Kf7 1/2-1/2